000 00568nam a22002051a 4500
001 7044
003 OSt
005 20260204212114.0
008 061002s1994||||ck ||||||b||||||||||spa||
020 _a9586002799
050 _a004.1 R53c
100 _aRoa Mackenzie, Mauricio
245 _aCurso básico de infomática aplicada wordstar: Lotus: dBase: Flew: Pci / Mauricio Roa Mackenzie
250 _a2
264 _aColombia : McGraw-Hill
300 _a132 p
500 _aIncluye bibliografía, indice y glosario
650 _a1.InformáticaÌ
942 _2ddc
_cBK
999 _c7044
_d7044